000
00266nam a2200109Ia 4500
008
190216s9999||||xx |||||||||||||| ||und||
100
_a
Bipin Chandra
245
0
_a
Communialisam In Modern India
260
_b
Vikas Publishing House
650
_a
History
942
_c
BK
999
_c
20194
_d
20194